2014 Africa Year of Agriculture and Food Security: (Record no. 1011)

MARC details
000 -LEADER
fixed length control field 00602nam a22001697a 4500
005 - DATE AND TIME OF LATEST TRANSACTION
control field 20240216063903.0
008 - FIXED-LENGTH DATA ELEMENTS--GENERAL INFORMATION
fixed length control field 240216b |||||||| |||| 00| 0 eng d
040 ## - CATALOGING SOURCE
Original cataloging agency KMU
Transcribing agency KMU
Modifying agency KMU
Description conventions rda
110 ## - MAIN ENTRY--CORPORATE NAME
Corporate name or jurisdiction name as entry element Common Market For Eastern and Southern Africa (COMESA)
245 ## - TITLE STATEMENT
Title 2014 Africa Year of Agriculture and Food Security:
Remainder of title News Letter Volume 1. June 2014 /Comprehensive Africa Agriculture Development Programme (CAADP) in COMESA/
Statement of responsibility, etc. COMESA
260 ## - PUBLICATION, DISTRIBUTION, ETC.
Place of publication, distribution, etc. Lusaka
Name of publisher, distributor, etc. CAADP Unit,
Date of publication, distribution, etc. 2014
300 ## - PHYSICAL DESCRIPTION
Extent 35 P.:
Other physical details ill.;
Dimensions 23cm
610 ## - SUBJECT ADDED ENTRY--CORPORATE NAME
Source of heading or term COMESA
610 ## - SUBJECT ADDED ENTRY--CORPORATE NAME
Source of heading or term Food Security
610 ## - SUBJECT ADDED ENTRY--CORPORATE NAME
Source of heading or term Security
942 ## - ADDED ENTRY ELEMENTS (KOHA)
Koha item type Serials
Suppress in OPAC No
Holdings
Withdrawn status Lost status Damaged status Not for loan Collection Home library Current library Shelving location Date acquired Source of acquisition Total Checkouts Full call number Barcode Date last seen Price effective from Koha item type
        Non-fiction Kapasa Makasa University Kapasa Makasa University On Display 16.02.2024 CBU   COMESA(05)CNL/2014/1F B3519 16.02.2024 16.02.2024 Serials
        Non-fiction Kapasa Makasa University Kapasa Makasa University On Display 16.02.2024 CBU   COMESA(05)CNL/2014/1E B3518 16.02.2024 16.02.2024 Serials